00590nam a2200205Ia 4500008004100000020001700041040001400058082001800072100002500090245004200115260004200157300001200199365002700211366000800238440001700246505002000263620001700283630004200300730004200342100315s9999 xx 000 0 und d a8124203482  cENGLISH  b4480 a658  a"Sethi, Subhash C. " a25 Minutes to Enhance Your Discretion aNew Delhi bIndiana Books  c2003  a96p.   eRupees d1 b50.00  f0  a25 Minutes  gTushar Jadhav  aDiscretion  a25 Minutes to Enhance Your Discretion a25 Minutes to Enhance Your Discretion